| 000 | 00931nam a22002655i 4500 | ||
|---|---|---|---|
| 001 | 11539 | ||
| 003 | ES-MaACL | ||
| 005 | 20230906150125.0 | ||
| 007 | t| | ||
| 008 | 921120s1992 sp ||||0| spa d | ||
| 020 | _a84-206-2716-X | ||
| 040 |
_aM-BN _bspa _cM-BN |
||
| 080 | _a517.2/.3"16" | ||
| 100 | 1 |
_aGonzález Urbaneja, Pedro Miguel. _958996 |
|
| 245 | 1 | 4 |
_aLas raíces del cálculo infinitesimal en el siglo XVII / _cPedro Miguel González Urbaneja ; figuras realizadas por Javier González Urbaneja. |
| 260 |
_aMadrid : _bAlianza Editorial, _cD.L. 1992. |
||
| 300 |
_a297 p : _bgráf ; _c20 cm. |
||
| 490 | 1 |
_aAlianza universidad. Ciencias ; _v716 |
|
| 504 | _aBibliografía: p. 291-297. | ||
| 650 | 1 | 4 |
_aCálculo- _yS.XVII. _910671 |
| 700 | 1 |
_aGonzález Urbaneja, Javier. _958995 |
|
| 830 | 0 |
_aAlianza universidad. Ciencias ; _v716 _9179153 |
|
| 852 |
_aES-MaACL _jL-18864 _bR.125122 |
||
| 999 |
_c11539 _d11539 |
||